Регионална библиотека "Любен Каравелов" - Русе

Композитор и съвременност (Запис номер 116354)

MARC детайли
000 -Лидер
Контролно поле с фиксирана дължина 01902nam a2200409 c 4500
003 - Код на организацията, давaща контролен номер
Контролно поле BLK
005 - Дата и час на последна редакция
Контролно поле 20241207155255.0
008 - Елементи от данни с фиксирана дължина
fixed length control field 180409b bul|||||r ||||||| ||bul||
010 ## - Наследен системен номер
LC control number KNG00121894000
040 ## - Източник на каталожния запис
Идентификатор на билиотеката - собственик на записа BLK
041 ## - Код за език
Код за езика на текст/звукозапис или на отделно заглавие Български
Код за езика КДБФ Български
080 ## - УДК
Текстов определител УДК Музика
УДК код - определител по УДК 78
УДК определител (497.2)
УДК - код + определител 78(497.2)
080 ## - УДК
Текстов определител УДК Музиканти-творци, композитори
УДК код - определител по УДК 78.071.1
УДК определител (497.2)(092)
УДК - код + определител 78.071.1(497.2)(092)
080 ## - УДК
Текстов определител УДК
УДК код - определител по УДК 929 Райчев, Александър Иванов
УДК определител
УДК - код + определител 929 Райчев, Александър Иванов
100 ## - Редна дума - Автор
Автор Райчев, Александър Иванов
Дати, свързани с автора 1922-2003
Авторска отговорност първи автор
R(LIN) 378936
139 ## - Редно поле
Редна дума Райчев, Александър Иванов
Авторски знак Раич - Р 29
245 10 - Сведения за заглавието
Заглавие Композитор и съвременност
Подзаглавни данни Статии и речи
Редно поле (дума) Александър Иванов Райчев; подб. и състав. Емил Павлов.
257 ## - Страна на издаване
Страна на създаване/издаване България
260 ## - Област на издателските данни
-- София
Име на издателя, разпространителя и проч. Музика
Година на издаване 1985
300 ## - Физическа характеристика
Страници 267 с.
Илюстрации и др. с ноти, 16 л. : ил.
Размери/Мащаб 20 см
380 ## - Жанр
Жанр Изкуство
500 ## - Общи забележки
Забележка Съдържа и Избрани статии и изказвания на Александър Райчев ; Юбилейни поздравления и спомени за Александър Райчев.
600 #0 - Име на лице, използвано като предмет
За него / За нея Райчев, Александър Иванов
Свързани дати 1922-2003
9 (RLIN) 378936
650 #0 - Допълнително описание по предмет – тема
Основно описание – тема или топоним Музика - България
9 (RLIN) 256005
650 #4 - Допълнително описание по предмет – тема
Основно описание – тема или топоним Композитори
9 (RLIN) 159003
653 ## - Ключова дума – ненормативна
Ключова дума композитори
653 ## - Ключова дума – ненормативна
Ключова дума България
653 ## - Ключова дума – ненормативна
Ключова дума статии
653 ## - Ключова дума – ненормативна
Ключова дума спомени
700 1# - Други автори (авторска отговорност)
Лично име Павлов, Емил
Автороска отговорност (Описва отношението между автора и произведението) подб. и състав.
9 (RLIN) 376406
852 ## - Местоположение
Форматна сигнатура Цб 135706
856 4# - Електронен адрес и достъп
Електронен формат pdf - файл
Път до файла /url/
856 4# - Електронен адрес и достъп
Електронен формат pdf - файл
Път до файла /url/
942 ## - АРТИКУЛИ
Вид на библиотечния материал Книги
Скрит в OPAC Не
944 ## - СЪЗДАВАНЕ И РЕДАКЦИЯ на ЗАПИСА
Създаване/Редакция Създаване
Дата на регистрацията/редакция 12.03.2011
Статус, дата на статуса Геновева Генчева
Служител, извършил регистрацията/редакцията 30560
944 ## - СЪЗДАВАНЕ И РЕДАКЦИЯ на ЗАПИСА
Създаване/Редакция Редакция
Дата на регистрацията/редакция 14.09.2015
Статус, дата на статуса добави в АБ / 11.03.2011
Служител, извършил регистрацията/редакцията Валя_Йорданова
999 ## - СИСТЕМНИ КОНТРОЛНИ НОМЕРА
Koha biblionumber 116354
Koha biblioitemnumber 116354
Наличности
Код за отписване Код за изгубен артикул Източник на класификационната схема Код за повреда Коз за рестрикции Код за отдаване Артикулен № Име на библиотеката - собственик Име на библиотеката, в която се намира в момента Статус (Текущо местоположение) Дата на вписване в системата Местоположение - отдел Цена в лева Инвентарен номер Систематично азбучна сигнатура Баркод Номер на екземпляра Цена в евро Служебна бележка Служебен тип на артикула
Изтеглен Не е изгубен Universal Decimal Classification Не е повреден без рестрикции заемане за дома 187385 Регионална библиотека "Любен Каравелов" Русе Регионална библиотека "Любен Каравелов" Русе Отдел Изкуство - подръчен фонд 1985-01-01 Отдел Изкуство - подръчен фонд 1.87 432695 78(497.2)/Р 29 432695 1 0.96 N: стар фонд Дата: 01.01.1985 Дата инв: 19.06.2012 Бележки инв: * Книги
  Не е изгубен Universal Decimal Classification Не е повреден само за читалня ползва се в читалня 187386 Регионална библиотека "Любен Каравелов" Русе Регионална библиотека "Любен Каравелов" Русе Хранилище 1985-01-01 Хранилище 1.87 431356 Цб 135706 900000009410 2 0.96 Дост: Dp Вид: Д N: Сф Дата: 01.01.1985 Книги
Изтеглен Не е изгубен Universal Decimal Classification Не е повреден без рестрикции заемане за дома 187387 Регионална библиотека "Любен Каравелов" Русе Регионална библиотека "Любен Каравелов" Русе Отдел Изкуство - подръчен фонд 1985-01-01 Отдел Изкуство - подръчен фонд 1.87 432693 78(497.2)/Р 29 432693 3 0.96 N: Сф Дата: 01.01.1985 Дата инв: 03.04.2017 Бележки инв: ИП2017 Книги
  Не е изгубен Universal Decimal Classification Не е повреден без рестрикции заемане за дома 187388 Регионална библиотека "Любен Каравелов" Русе Регионална библиотека "Любен Каравелов" Русе Отдел Изкуство - подръчен фонд 1985-01-01 Отдел Изкуство - подръчен фонд 1.87 432694 78(497.2)/Р 29 120000432694 4 0.96 N: Сф Дата: 01.01.1985 Дата инв: 03.04.2017 Бележки инв: ИП2017 Книги
Vip Innovations Ltd, Rousse, Bulgaria 2025